000 00529nam a2200181Ia 4500
999 _c33874
_d33874
003 OSt
005 20200909125512.0
008 190216s9999||||xx |||||||||||||| ||und||
020 _a8180300501
040 _coclc
082 _a539.725
_bGUP/G
100 _aGupta, Monica
_94526
245 0 _aGroup Theory And Symmetry In Physics /
_cMonica Gupta
260 _bCampus Books International,
_c2004.
_aNew Delhi:
300 _a220p
650 _aPhysics
942 _cBK
_2ddc
_h539.725
_iGUP/G
_k539.725
_mGUP/G